[Event "SVK-ch U18 Girls"]
[Site "Slovakia"]
[Date "2003.??.??"]
[Round "?"]
[White "Obdrzalkova, Anita"]
[Black "Borosova, Zuzana"]
[Result "1-0"]
[WhiteElo "2153"]
[BlackElo "2027"]
[PlyCount "119"]
[EventDate "2003.??.??"]
[EventType "tourn"]
[EventRounds "9"]
[EventCountry "SVK"]
[SourceTitle "EXT 2006"]
[Source "ChessBase"]
[SourceDate "2005.11.24"]
[SourceVersion "1"]
[SourceVersionDate "2005.11.24"]
[SourceQuality "1"]

1. d4 d5 2. c4 e6 3. Nc3 Nf6 4. Bg5 Nbd7 5. Nf3 c6 6. e3 Qa5 7. Nd2 Bb4 8. Qc2 0-0 9. Nb3 Qc7 10. cxd5 exd5 11. Bd3 a6 12. 0-0 Bd6 13. h3 h6 14. Bh4 Re8 15. Qe2 g6 16. Qf3 Kg7 17. Rac1 Qb8 18. e4 dxe4 19. Nxe4 Nxe4 20. Bxe4 g5 21. Bg3 Nf6 22. Bd3 Be6 23. Bc4 Bxc4 24. Rxc4 Nd5 25. Rcc1 Nf6 26. Nd2 Qd8 27. Qd3 Re6 28. Rce1 Rxe1 29. Rxe1 Bxg3 30. fxg3 Qd6 31. Nc4 Qc7 32. Ne3 Nd5 33. Nf5+ Kh7 34. Qe4 Rd8 35. Rf1 Nf6 36. Qd3 Qd7 37. Re1 Qc7 38. Qf3 Qa5 39. Rf1 Qb6 40. Kh2 Ng8 41. Qh5 Rd7 42. Qe2 Qb5 43. Qf3 Qd5 44. Qf2 Ne7 45. Ne3 Qe6 46. Ng4 f5 47. Ne5 Rd5 48. g4 f4 49. Qc2+ Kg7 50. Qb3 Rd6 51. Qxb7 Rxd4 52. Nf3 Re4 53. Qxa6 Re2 54. Nd4 Rxg2+ 55. Kxg2 Qe4+ 56. Nf3 Nd5 57. Qa7+ Kg6 58. Re1 Qc2+ 59. Qf2 Qc4 60. Ne5+ 1-0

[Event "Bratislava Slovan op"]
[Site "Bratislava"]
[Date "2002.10.12"]
[Round "7"]
[White "Obdrzalkova, Anita"]
[Black "Rohacek, Miroslav"]
[Result "1/2-1/2"]
[WhiteElo "2153"]
[BlackElo "2142"]
[PlyCount "67"]
[EventDate "2002.04.27"]
[EventType "swiss"]
[EventRounds "9"]
[EventCountry "SVK"]
[SourceTitle "EXT 2004"]
[Source "ChessBase"]
[SourceDate "2003.11.25"]
[SourceVersion "1"]
[SourceVersionDate "2003.11.25"]
[SourceQuality "1"]

1. d4 d6 2. c4 e5 3. dxe5 dxe5 4. Qxd8+ Kxd8 5. Nc3 Be6 6. b3 c6 7. Bb2 f6 8. 0-0-0+ Kc7 9. e3 Nh6 10. h3 a5 11. Kb1 Na6 12. g4 Bb4 13. Nge2 Nc5 14. Nc1 a4 15. f4 axb3 16. axb3 Nf7 17. Nd3 Nxd3 18. Bxd3 h5 19. gxh5 Rxh5 20. Bg6 Bf5+ 21. Bxf5 Rxf5 22. Rhg1 Bf8 23. Ne2 Rh5 24. Rg3 Re8 25. e4 exf4 26. Nxf4 Rg5 27. Rgd3 Bd6 28. Bc1 Rxe4 29. c5 Bxf4 30. Bxf4+ Rxf4 31. Rd7+ Kb8 32. Rxf7 Rf3 33. Kb2 Rgg3 34. Rf8+ 1/2-1/2

[Event "Bratislava Slovan op"]
[Site "Bratislava"]
[Date "2002.10.12"]
[Round "5"]
[White "Obdrzalkova, Anita"]
[Black "Toth Vano, Peter"]
[Result "1-0"]
[WhiteElo "2153"]
[BlackElo "2110"]
[PlyCount "97"]
[EventDate "2002.04.27"]
[EventType "swiss"]
[EventRounds "9"]
[EventCountry "SVK"]
[SourceTitle "EXT 2004"]
[Source "ChessBase"]
[SourceDate "2003.11.25"]
[SourceVersion "1"]
[SourceVersionDate "2003.11.25"]
[SourceQuality "1"]

1. d4 e6 2. c4 f5 3. Nc3 Nf6 4. e3 Be7 5. Bd3 0-0 6. Nge2 d6 7. 0-0 Qe8 8. f3 c6 9. e4 fxe4 10. Nxe4 Nxe4 11. Bxe4 d5 12. Bd3 Nd7 13. Qc2 Nf6 14. Bg5 Kh8 15. Nf4 dxc4 16. Bxh7 Nxh7 17. Ng6+ Qxg6 18. Qxg6 Bxg5 19. Rae1 Bd7 20. Re5 Be8 21. Qxe6 Bf6 22. Re4 Bg6 23. Rf4 Rfe8 24. Qxc4 Bg5 25. Rg4 Bf5 26. Rxg5 Nxg5 27. Qc5 g6 28. h4 Ne6 29. Qc3 Kg8 30. g4 Bxg4 31. fxg4 Rad8 32. Qf3 Rf8 33. Qe4 Rxf1+ 34. Kxf1 Kf7 35. h5 gxh5 36. gxh5 Rxd4 37. Qg6+ Ke7 38. Qh7+ Kd6 39. Qxb7 Rh4 40. Qb8+ Kd5 41. Qb3+ Ke5 42. Qc3+ Kd5 43. Qd3+ Ke5 44. Qg3+ Rf4+ 45. Ke1 Kf5 46. Qg6+ Ke5 47. h6 Rf6 48. Qh5+ Rf5 49. Qxf5+ 1-0